000 00302nam a22001457a 4500
003 OSt
005 20210927194841.0
008 210927b |||||||| |||| 00| 0 eng d
040 _cHU
082 _a330
100 _aDavid Begg
_97409
245 _aEconomics
300 _axix674
942 _2ddc
_cBOOKS
_n0
999 _c7010
_d7010